Bí mật đảo phân chim
Saved in:
| Main Author: | |
|---|---|
| Format: | Book |
| Language: | Undetermined |
| Published: |
Hà Nội
Công an Nhân dân
2003
|
| Subjects: | |
| Tags: |
Add Tag
No Tags, Be the first to tag this record!
|
| Institutions: | Trung tâm Học liệu Trường Đại học Cần Thơ |
|---|
| LEADER | 00571nam a2200193Ia 4500 | ||
|---|---|---|---|
| 001 | CTU_90898 | ||
| 008 | 210402s9999 xx 000 0 und d | ||
| 020 | |c 38000 | ||
| 082 | |a 813.5 | ||
| 082 | |b F597 | ||
| 100 | |a Fleming, Ian | ||
| 245 | 0 | |a Bí mật đảo phân chim | |
| 245 | 0 | |c Ian Fleming; Nguyễn Đỗ biên dịch | |
| 260 | |a Hà Nội | ||
| 260 | |b Công an Nhân dân | ||
| 260 | |c 2003 | ||
| 650 | |a Spy stories, american ( vietnamese ) | ||
| 904 | |i Năm (Nguyên sửa) | ||
| 980 | |a Trung tâm Học liệu Trường Đại học Cần Thơ | ||